000 nam a22 7a 4500
999 _c126655
_d126655
008 170811b xxu||||| |||| 00| 0 eng d
050 _aPS3515.E37 I5
100 _aHemingway, Ernest
_934770
245 _aIn our time
_cErnest Hemingway
260 _aNew York
_bCharles Scribner's Sons
_c1958
300 _a212p. ;
_c21cm.
942 _2lcc
_cMONOGRAPH